000 00759cam a2200217 4500
008 090401t1990 xxu||||| |||| 00| 0 eng d
020 _a0632026332
035 _a(Sirsi) u63722
041 _aeng
050 _a692.8
100 _aPowell-Smith, Vincent
245 _aGC/Works/1 edition 3: the government general conditions of contract for building and civil engineering
260 _aOxford
_bBSP Professional Books
_c1990
300 _aix,206p. ; 24cm.
350 _a25
650 _aBUILT ENVIRONMENT-BUILDING CONTRACT FORMS
650 _aGENERAL CONDITIONS OF CONTRACT FOR BUILDING AND CIVIL ENGINEERING SINGLE STAGE DESIGN AND BUILD VERSION (THIRD EDITION)
650 _aGOVERNMENT CONDITIONS OF CONTRACT
942 _n0
948 _c04/03/1997
999 _c94600
_d94600